000 00633nam a2200205Ia 4500
005 20250508150202.0
008 008 250505s9999 xx 000 0 eng d
037 _aTextBook
040 _aFEDL
_beng
_cFEDL
041 _aeng
_2eng
084 _a370.1, CUN
_qFEDL
100 _aCunningham William F
_9755957
245 0 _aPivotal problems of education : An introduction to the christian philosophy of education
260 _aNew York, USA
_bThe Macmillan Company
_c1940
300 _a588p
365 _aINR
_b13.6
650 _aEducation-Philosophy
_921056
942 _cTB
_h370.1, CUN
999 _c1322262
_d1322262